| 000 | 00000nas 2200000za 4500 |
| 001 | 9.818222 |
| 003 | CaOODSP |
| 005 | 20221107142651 |
| 007 | cr ||||||||||| |
| 008 | 160524d19381944oncgr p oss f000#b0fre|d |
| 022 | |y0837-953X |
| 040 | |aCaOODSP|bfre |
| 043 | |an-cn--- |
| 086 | 1 |aCS81-401F-PDF |
| 245 | 00|aÉducation élémentaire et éducation secondaire au Canada |h[ressource électronique]. |
| 260 | |aOttawa : |bBureau fédéral de la statistique, Branche de l'éducation, |c1941-1947. |
| 310 | |aBiennal |
| 362 | 0 |a1936/38-1942/1944. |
| 500 | |aPubli. aussi en anglais sous le titre : Elementary and secondary education in Canada. |
| 500 | |aÉdition numérisée de l’imprimé [par Statistique Canada]. |
| 580 | |aFait suite après scission à: Aperçu annuel sur l'éducation au Canada. |
| 692 | 07|2gccst|aEnseignement primaire |
| 692 | 07|2gccst|aEnseignement secondaire |
| 710 | 1 |aCanada.|bBureau fédéral de la statistique.|bBranche de l'éducation. |
| 775 | 08|tElementary and secondary education in Canada |w(CaOODSP)9.818221 |
| 785 | 00|tEnseignement élémentaire et enseignement secondaire au Canada |w(CaOODSP)9.818223 |